Statistics for FC Barcelona - Top 10 Appearances

Click here to take the quiz!

General Stats

  • This quiz has been taken 2,368 times
    (1,317 since last reset)
  • The average score is 7 of 10

Answer Stats

RankPlayerYearsCountryAppearances% Correct
1Lionel Messi2004-2021Argentina778
100%
2Xavi Hernández1998-2015Spain767
97%
4Andrés Iniesta2002-2018Spain674
96%
3Sergio Busquets2008-currentSpain703
94%
6Carles Puyol1999-2014Spain593
90%
5Gerard Piqué2008-2022Spain616
90%
10Jordi Alba2012-currentSpain446
87%
8Víctor Valdés2002-2014Spain535
59%
9Carles Rexach1965-1981Spain450
6%
7Migueli1973-1989Spain549
5%

Score Distribution

Percentile by Number Answered

Percent of People with Each Score

Your Score History

You have not taken this quiz since the last reset